000 00948nam a22003017a 4500
003 CHAP
005 20220329134001.0
008 971013s1964 r 00010 d
010 _a13591
011 _a14563
035 _a18637
040 _cCHAP
090 _aFolleto 9805
100 0 0 _aCastillo Méndez, Roberto.
_920177
245 _aInstrucciones para el uso de las estaciones climatológicas
260 _aMéxico, D. F. :
_bDirección de Geografía y Metereología,
_c1964
300 _a37 p.
490 _aCircular CIASE
_v; A
590 _aBATCH-UPD
_b10
_c20130110
_lUCH01
_h0934
590 _aBATCH-UPD
_b10
_c20130410
_lUCH01
_h0552
590 _aBATCH-UPD
_b10
_c20130914
_lUCH01
_h0940
590 _aCONVERSION
_b10
_c20130109
_lUCH01
_h1309
650 1 4 _aEstaciones meteorológicas.
_938196
830 0 _aCircular CIASE
_v; A
_923374
901 _aBK
942 _cFOLL
949 _aFolleto 9805
_bBC
_cFOLL
_d-43433
_eTS1
_i18637
_mD
_si
999 _c13591
_d13591